[Event "Tianjin Prestigious Univ-ch"]
[Site "Tianjin"]
[Date "2019.11.29"]
[Round "11"]
[White "Kukhmazov, Arsen"]
[Black "Isakov, Michael G"]
[Result "1/2-1/2"]
[WhiteElo "2377"]
[BlackElo "2162"]
[PlyCount "91"]
[EventDate "2019.11.26"]
[EventType "team-tourn"]
[EventRounds "11"]
[EventCountry "CHN"]
[SourceTitle "CBM 193 Extra"]
[Source "ChessBase"]
[SourceDate "2020.01.31"]
[SourceVersion "1"]
[SourceVersionDate "2020.01.31"]
[SourceQuality "1"]

1. d4 d5 2. c4 e6 3. Nf3 Nf6 4. g3 Be7 5. Bg2 0-0 6. 0-0 Nbd7 7. Qc2 c6 8. Nbd2 b6 9. e4 dxc4 10. Nxc4 Ba6 11. Rd1 c5 12. d5 exd5 13. exd5 Bxc4 14. Qxc4 Bd6 15. Bf4 Qb8 16. Bxd6 Qxd6 17. Qa6 Ne4 18. Nh4 Rfe8 19. Re1 Ndf6 20. Qd3 g5 21. Bxe4 gxh4 22. Bf3 hxg3 23. hxg3 Re5 24. Rxe5 Qxe5 25. d6 Rd8 26. Rd1 c4 27. Qxc4 Rxd6 28. Rxd6 Qxd6 29. Kg2 Qe5 30. b4 a5 31. b5 Kg7 32. Bc6 h5 33. Bf3 Kg6 34. a4 Kg7 35. Qd3 Qc5 36. Qd2 Qe5 37. Qd8 Qc5 38. Qd3 Qe5 39. Qd2 Qc5 40. Qf4 Kg6 41. Bc6 Kg7 42. Bf3 Kg6 43. Bc6 Kg7 44. Kf1 Ng4 45. Kg2 Nf6 46. Bf3 1/2-1/2

[Event "Tianjin Prestigious Univ-ch"]
[Site "Tianjin"]
[Date "2019.11.28"]
[Round "7"]
[White "Isakov, Michael G"]
[Black "Fernandez, Daniel Howard"]
[Result "1-0"]
[WhiteElo "2162"]
[BlackElo "2444"]
[PlyCount "63"]
[EventDate "2019.11.26"]
[EventType "team-tourn"]
[EventRounds "11"]
[EventCountry "CHN"]
[SourceTitle "CBM 193 Extra"]
[Source "ChessBase"]
[SourceDate "2020.01.31"]
[SourceVersion "1"]
[SourceVersionDate "2020.01.31"]
[SourceQuality "1"]

1. d4 Nf6 2. Nf3 g6 3. c4 Bg7 4. Nc3 d6 5. e4 0-0 6. Be2 e5 7. dxe5 dxe5 8. 0-0 Nbd7 9. Qc2 c6 10. Rd1 Qc7 11. h3 Nc5 12. Be3 Ne6 13. b4 Nf4 14. Bf1 h6 15. Bc5 Re8 16. Bd6 Nxh3+ 17. gxh3 Qb6 18. Rd2 a5 19. b5 Bd7 20. Rad1 Rad8 21. Na4 Qa7 22. Bc7 Rc8 23. b6 Qa8 24. Rxd7 Nxd7 25. Rxd7 Re6 26. Nc5 Ree8 27. Nd3 a4 28. Qd2 f6 29. c5 a3 30. Qb4 Rxc7 31. bxc7 Qc8 32. Qc4+ 1-0

[Event "Continental op 48th"]
[Site "Sturbridge"]
[Date "2018.08.18"]
[Round "5"]
[White "Bader, Jeremy"]
[Black "Isakov, Michael G"]
[Result "0-1"]
[WhiteElo "1845"]
[BlackElo "2163"]
[PlyCount "84"]
[EventDate "2018.08.16"]
[EventType "swiss"]
[EventRounds "9"]
[EventCountry "USA"]
[SourceTitle "CBM 186 Extra"]
[Source "ChessBase"]
[SourceDate "2018.08.24"]
[SourceVersion "1"]
[SourceVersionDate "2018.08.24"]
[SourceQuality "1"]

1. e4 c5 2. Nf3 d6 3. d4 cxd4 4. Nxd4 Nf6 5. Nc3 a6 6. f3 e6 7. Be3 Be7 8. Qd2 b5 9. g4 Bb7 10. 0-0-0 Nfd7 11. Kb1 Nb6 12. Qf2 N8d7 13. h4 Rc8 14. Nce2 Nc4 15. Bc1 Qb6 16. Qg2 0-0 17. g5 d5 18. Ng3 Rfd8 19. h5 Nde5 20. Bxc4 Rxc4 21. Nb3 Rdc8 22. Na1 dxe4 23. fxe4 Bc5 24. b3 Rd4 25. Bb2 Ng4 26. Qe2 Nf2 27. Rxd4 Bxd4 28. Re1 Bxb2 29. Kxb2 Qd4+ 30. Kb1 Rc3 31. Nh1 Nxe4 32. Rd1 Qb6 33. Kb2 Rc8 34. Rd3 b4 35. Ng3 Nc3 36. Qe5 Qg1 37. Rxc3 bxc3+ 38. Ka3 Qxa1 39. h6 gxh6 40. Nh5 Qc1+ 41. Kb4 Qxg5 42. Nf6+ Kh8 0-1

[Event "Continental op 48th"]
[Site "Sturbridge"]
[Date "2018.08.16"]
[Round "2"]
[White "Isakov, Michael G"]
[Black "Vorontsov, Pavlo"]
[Result "0-1"]
[WhiteElo "2163"]
[BlackElo "2578"]
[PlyCount "146"]
[EventDate "2018.08.16"]
[EventType "swiss"]
[EventRounds "9"]
[EventCountry "USA"]
[SourceTitle "CBM 186 Extra"]
[Source "ChessBase"]
[SourceDate "2018.08.24"]
[SourceVersion "1"]
[SourceVersionDate "2018.08.24"]
[SourceQuality "1"]

1. d4 e6 2. c4 b6 3. Nf3 Bb7 4. Nc3 Bb4 5. Qb3 a5 6. e3 Nf6 7. Be2 0-0 8. 0-0 d5 9. Rd1 Nbd7 10. Bd2 dxc4 11. Bxc4 Qe7 12. Rac1 Bd6 13. Nb5 Ne4 14. Nxd6 cxd6 15. Bb5 Bd5 16. Qa4 Ndf6 17. Bc6 Rac8 18. Qb5 Bxc6 19. Rxc6 Rxc6 20. Qxc6 Nd5 21. Be1 f5 22. Nd2 Qg5 23. Nf1 h6 24. Rd3 f4 25. exf4 Qg6 26. Ng3 Nxf4 27. Re3 Nxg3 28. hxg3 Nd5 29. Re2 Rd8 30. Bc3 Qe8 31. Qxe8+ Rxe8 32. Kf1 Kf7 33. Ke1 a4 34. Kd2 b5 35. a3 g5 36. Kd3 h5 37. Bd2 Kf6 38. Re1 Rc8 39. Rh1 Kg6 40. Re1 Kf6 41. Rh1 Rh8 42. Ke4 Nb6 43. Bc3 d5+ 44. Kd3 Nc4 45. Ke2 Kf5 46. Kf3 Kg6 47. Ke2 Rh7 48. Rh3 Rf7 49. Rh1 Nd6 50. Bb4 Ne4 51. Be1 Rc7 52. f3 Nd6 53. Bc3 Nf5 54. Kf2 Rc4 55. Rd1 g4 56. Rd2 Kf6 57. Rd1 Kg6 58. Rd2 Kf7 59. Rd3 Ke8 60. Rd1 Ke7 61. Rd2 Kd7 62. Rd1 b4 63. Bxb4 Rc2+ 64. Rd2 Rxd2+ 65. Bxd2 Nxd4 66. Ke3 e5 67. Bc3 Nf5+ 68. Kf2 Ke6 69. Bd2 d4 70. Bg5 Kd5 71. Ke2 Nxg3+ 72. Kd3 gxf3 73. gxf3 Nf5 0-1